00301 a2200133 4500000002500000100001500025110001500040245003500055250001900090260001600109264001600125942000700141999001900148 nam a22 7a 4500 aShiv Singh aShiv Singh aMarketing With Ai for Dummies  alatest edition bwileyc2025 bwileyc2025 cBK c397149d397149